Arithmentica universal que comprehende el arte menor y maior, algebra vulgar y especiosa (Record no. 10913)

MARC details
000 -CABECERA
campo de control de longitud fija 00915nam a22002297a 4500
001 - NÚMERO DE CONTROL
campo de control BRCA_9293
003 - IDENTIFICADOR DEL NÚMERO DE CONTROL
campo de control FranzMayer
005 - FECHA Y HORA DE LA ÚLTIMA TRANSACCIÓN
campo de control 20230724132441.0
008 - DATOS DE LONGITUD FIJA--INFORMACIÓN GENERAL
campo de control de longitud fija 230724b |||||||| |||| 00| 0 eng d
040 ## - FUENTE DE LA CATALOGACIÓN
Centro catalogador/agencia de origen MFM
Lengua de catalogación esp
Centro/agencia transcriptor MFM
050 ## - SIGNATURA TOPOGRÁFICA DE LA BIBLIOTECA DEL CONGRESO
Número de clasificación LM24
Número de documento/Ítem Z37 1669
082 ## - NÚMERO DE LA CLASIFICACIÓN DECIMAL DEWEY
Número de edición QA101
100 1# - ENTRADA PRINCIPAL--NOMBRE DE PERSONA
Código de función/relación Autor
Nombre de persona Zaragoza, Ioseph
9 (RLIN) 28956
240 1# - TÍTULO UNIFORME
Título uniforme Arithmetica universal que comprehende el arte menor y maior, algebra vulgar y especiosa
Lenguaje de la obra español
245 0# - MENCIÓN DE TÍTULO
Título Arithmentica universal que comprehende el arte menor y maior, algebra vulgar y especiosa
260 ## - PUBLICACIÓN, DISTRIBUCIÓN, ETC.
Lugar de publicación, distribución, etc. Valencia, España
Nombre del editor, distribuidor, etc. Geronimo Vilagrafa
Fecha de publicación, distribución, etc. 1669
300 ## - DESCRIPCIÓN FÍSICA
Extensión 448 p
Dimensiones 19 cm
505 0# - NOTA DE CONTENIDO CON FORMATO
Nota de contenido con formato Texto en: españolDirigido a: matemáticos, profesores, científicosIncluye índice temáticoIncluye glosario
650 1# - PUNTO DE ACCESO ADICIONAL DE MATERIA--TÉRMINO DE MATERIA
Fuente del encabezamiento o término Matemáticas
Término de materia o nombre geográfico como elemento de entrada Matemáticas básicas
Subdivisión de forma Aritmética
9 (RLIN) 28957
651 2# - PUNTO DE ACCESO ADICIONAL DE MATERIA--NOMBRE GEOGRÁFICO
Fuente del encabezamiento o término Aritmética
Nombre geográfico Libros de aritmética
Subdivisión de forma 1669
9 (RLIN) 28958
942 ## - ELEMENTOS DE PUNTO DE ACCESO ADICIONAL (KOHA)
Fuente del sistema de clasificación o colocación Library of Congress Classification
Tipo de ítem Koha Libros
Holdings
Estado de retiro Estado de pérdida Fuente del sistema de clasificación o colocación Estado dañado No para préstamo Código de colección Localización permanente Ubicación/localización actual Fecha de adquisición Fuente de adquisición Total de préstamos Signatura topográfica completa Código de barras Fecha visto por última vez Precio válido a partir de Tipo de ítem Koha
El ejemplar forma parte de la colección y puede ser consultado según las políticas vigentes.   Library of Congress Classification     Conventual Franz Mayer Biblioteca del Museo Franz Mayer (Rogerio Casas-Alatriste) Biblioteca del Museo Franz Mayer (Rogerio Casas-Alatriste) 24/07/2023 Donación   LM24 Z37 1669 CFM00529 24/07/2023 24/07/2023 Libros